Даты ИстРоса #5: 1547-1605 - Statistics

General Stats
  • This quiz has been taken 5 times
    4 since last reset
  • The average score is 27 of 37
Answer Stats
Событие Дата % Correct
Венчание Ивана Васильевича IV на царство 1547
100%
Пожар и восстание в Москве 1547
75%
Свадьба Ивана Васильевича IV и АнастасииЗахарьиной-Юрьевой 1547
75%
Первый земский собор 1549
75%
Судебник Ивана Васильевича IV 1550
75%
Взятие Казани 1552
75%
Взятие Астрахани 1556
75%
Создание Уложения о службе 1556
75%
Ливонская война 1558-1583
75%
Издание "Апостола" Ивана Федорова 1564
75%
Опричнина 1565-1572
75%
Люблинская уния 1569
75%
Новгородский погром 1569
75%
Сожжение Москвы Дивлет-Гиреем 1571
75%
Битва при Молодях 1572
75%
Венчание на царство Симеона Бекбулатовича 1575
75%
Смерть старшего сына царя - Ивана Ивановича 1581
75%
Осада Пскова Стефаном Баторием 1581
75%
Введение "заповедных лет" 1581
75%
Ям-Запольское перемирие 1582
75%
Плюсский мир 1583
75%
Царствование Федора Иоанновича 1584-1598
75%
Введение на Руси патриаршества,избрание митрополита Иова патриархом 1589
75%
Русско-Шведская война 1590-1595
75%
Смерть Дмитрия Иоанновича в Угличе 1591
75%
Основание Донского монастыря 1591
75%
Заключение Тявзинского мирного договора 1595
75%
Введение урочных лет 1597
75%
Правление Бориса Федоровича 1598-1605
75%
Проведение боярского суда над Романовыми 1601
75%
Великий голод 1601-1603
75%
Восстание Хлопка 1603
75%
Начало похода Лжедмитрия I 1604
75%
Начало постройки храма Покрова на Рву 1555
50%
Падение Избранной рады 1560
50%
Битва под Добрыничами 1605
50%
Эпидемия чумы 1569-1570
25%
No matching quizzes found
Score Distribution
Percent of People with Each Score
Percentile by Number Answered
Your Score History
You have not taken this quiz since the last reset